Alle Ausfahrten der West-Autobahn (A1) - Statistiken

Allgemein
  • Dieses Quiz wurde 107 mal gespielt
  • Das Durchschnittsergebnis liegt bei 33 aus 47
Antwortstatistiken
km Bz Ausfahrt % Korrekt
55,0 P St. Pölten
97%
59,0 P St. Pölten-Süd
97%
108,4 ME Amstetten-Ost
96%
122,5 AM Amstetten-West
96%
169,2 LL Linz
96%
80,3 ME Melk
92%
298,4 SL Salzburg
88%
291,8 S Salzburg-Mitte
88%
288,3 S Salzburg-Nord
88%
296,8 SL Salzburg-West
88%
158,0 LL Enns-West / Steyr
86%
151,1 AM St. Valentin
83%
100,1 ME Ybbs / Wieselburg
82%
155,2 LL Enns-Ost
81%
74,5 ME Loosdorf
78%
264,8 VB Mondsee
78%
160,4 LL Asten / St. Florian
77%
90,5 ME Pöchlarn
75%
9,1 W Auhof
74%
142,0 AM Haag
74%
170,9 LL Ansfelden
73%
131,4 AM Oed
73%
22,9 PL Pressbaum
73%
173,9 LL Traun
73%
47,5 PL Böheimkirchen
71%
223,5 VB Regau
69%
35,4 PL Altlengbach
68%
41,1 PL St. Christophen
66%
30,7 PL Steinhäusl
66%
242,5 VB St. Georgen im Attergau
66%
194,8 WL Sattledt
61%
175,3 LL Haid
60%
232,8 VB Schörfling am Attersee
60%
206,9 GM Vorchdorf
60%
196,5 WL Voralpenkreuz
58%
281,6 SL Wallersee / Eugendorf
58%
213,0 GM Laakirchen-Ost
57%
216,2 GM Laakirchen-West
57%
295,7 SL Flughafen Salzburg
56%
254,6 VB Oberwang
56%
274,2 SL Thalgau
55%
234,3 VB Seewalchen am Attersee
53%
182,5 LL Allhaming
49%
292,9 SL Kleßheim
47%
200,3 WL Eberstalzell
44%
290,9 S Messe
42%
294,7 SL Siezenheim
42%
Keine übereinstimmenden Quizze gefunden
Verteilung der Resultate
Anzahl Personen mit jedem Resultat
Perzentil nach korrekt beantworteten Fragen
Ihre Resultats-Entwicklung
Sie haben dieses Quiz noch nicht gespielt